00386nam a22001337a 450000500170000000800410001704100130005808200130007110000130008424500420009726000580013930000300019765000250022720240612095958.0240612b |||||||| |||| 00| 0 eng d aEnglish  a349 LAW  lEnglish  aThe All England Law Reports: Reprint  aLondon: bButterworth and Co. Publishers Ltd, c1967  bxi, 1056 pages; c25 cm.  aLegal practicebLaw